1583 1334 1849 1782 1235 1867 1139 1237 1965 1822 1461 1427 1846 1288 1140 1594 1029 1634 1223 1127 1276 1837 1745 1588 1002 1757 1688 1225 1141 1199 1059 1005 1722 1968 1055 1405 1088 1749 1314 1543 1746 1781 1483 1968 1520 1906 1961 1670 1552 1628 1732 1940 1273 1653 1025 1906 1494 1205 1693 1601 1340 1794 1419 1984 1099 1578 1644 1651 1207 1506 1499 1002 1098 1971 1380 1004 1078 1020 1260 1468 1615 1191 1565 1176 1146 1004 1094 1639 1215 1984 1181 1315 1786 1757 1339 1407 1271 1213 1441 BCNSPRNW ULIB Ver.6.0+V

เปลี่ยนเป็นภาษาไทย

Change to English
 แสดงรายละเอียดบรรณานุกรม
  กลับหน้าหลัก

Brief Record : Get Marc (ISO 2709) : E-mail record : QR code < ปิดหน้าต่าง
LEADER : 00000nam 2200000uu 4500
001    13399120978
003     ULIB
008    121029s2553||||th 000 0 tha d
020    ^a9746459465(ล.2)
050  4 ^aHA29.5.T5^bส719ส ล.2
110 2  ^aมหาวิทยาลัยสุโขทัยธรรมาธิราช.^bสาขาวิชาวิทยาศาสตร์สุขภาพ
245 10 ^a เอกสารการสอนชุดวิชาสถิติและการวิจัยสำหรับวิทยาศาสตร์สุขภาพ หน่วยที่ 8-15=^bStatistics and research in health science / ^cสาขาวิชาวิทยาศาสตร์สุขภาพ มหาวิทยาลัยสุโขทัยธรรมาธิราช
246 30 ^aสถิติและการวิจัยสำหรับวิทยาศาสตร์สุขภาพ
246 31 ^aStatistics and research in health science
250    ^aพิมพ์ครั้งที่ 8 ฉบับปรับปรุงครั้งที่ 2
260    ^aนนทบุรี :^bมหาวิทยาลัยสุโขทัยธรรมาธิราช,^c2553
300    ^aเล่ม :^bภาพประกอบ
440  0 ^aมหาวิทยาลัยสุโขทัยธรรมาธิราช ;^vอ.50103
504    ^aบรรณานุกรมท้ายเล่ม
505 0  ^aสารบัญ: ล.1. หน่วยที่ 1-7-- ล.2. หน่วยที่ 8-15
650  4 ^aสถิติศาสตร์
650  4 ^aวิจัย
650  4 ^aวิทยาศาสตร์การแพทย์^xวิจัย
650  4 ^aวิทยาศาสตร์สุขภาพ^xวิจัย
650  4 ^aสถิติและการวิจัยสำหรับวิทยาศาสตร์สุขภาพ
945    ^p0^l0^i24415
995    ^aทศพร
999    ^aทศพร เกษรทอง
รายการนี้ยังไม่มีแท็ก
คุณยังไม่ได้ล็อกอิน คุณสามารถมีกิจกรรมร่วมกับเว็บไซต์ได้ แต่ต้องล็อกอินก่อน ::
  ล็อกอิน

รายการสื่อสารสนเทศ

ลำดับที่ ประเภท เลขเรียก/บาร์โค้ด สถานที่ สถานะ
1. วิทยาศาสตร์การแพทย์ และสุขภาพ
วิทยาศาสตร์การแพทย์ และสุขภาพ
HA29.5.T5 ส719ส ล.2 ฉ.1 
  Barcode: 24415
ห้องสมุดวิทยาเขตสวรรค์ประชารักษ์
►หนังสือทั่วไป
บนชั้น

รายการใกล้เคียง
    หัวเรื่อง [สถิติศาสตร์]
    หัวเรื่อง [วิจัย]
    หัวเรื่อง [สถิติและการวิจัยสำหรับวิทยาศาสตร์สุขภาพ]

BibComment


ยังไม่เคยถูกคอมเมนท์

คอมเมนท์ทรัพยากรรายการนี้
  คอมเมนท์: เอกสารการสอนชุด..


 Copyright 2026. Bcnsprnw @Library